| 000 | 00484cam a22002054a 4500 | ||
|---|---|---|---|
| 005 | 20250605164205.0 | ||
| 008 | 250528s ||||||||||||||||||||||||d | ||
| 035 | _a19897 | ||
| 020 | _a140512977 | ||
| 040 |
_aGR-AtMCL _bgre _dGR-AtMCL _eAACR2 |
||
| 245 | 1 | _aThe Penguin Dictionary of Information | |
| 250 | _a3rd | ||
| 260 | _c1994 | ||
| 300 | _a356 | ||
| 700 | 1 |
_aGunton Tony _96047 |
|
| 700 | 1 |
_aPelican Books _96048 |
|
| 942 | _cBK | ||
| 999 |
_c5139 _d5139 |
||